Every Airport Code by First Two Letters - AD - Statistics

General Stats
  • This quiz has been taken 4 times
  • The average score is 11 of 26
Answer Stats
Code Country Answer % Correct
ADT ๐Ÿ‡บ๐Ÿ‡ธ Ada
100%
ADD ๐Ÿ‡ช๐Ÿ‡น Addis Ababa
100%
ADL ๐Ÿ‡ฆ๐Ÿ‡บ Adelaide
100%
ADE ๐Ÿ‡พ๐Ÿ‡ช Aden
100%
ADJ ๐Ÿ‡ฏ๐Ÿ‡ด Amman
75%
ADK ๐Ÿ‡บ๐Ÿ‡ธ Adak
50%
ADA ๐Ÿ‡น๐Ÿ‡ท Adana
50%
ADM ๐Ÿ‡บ๐Ÿ‡ธ Ardmore
50%
ADS ๐Ÿ‡บ๐Ÿ‡ธ Dallas
50%
ADB ๐Ÿ‡น๐Ÿ‡ท Izmir
50%
ADF ๐Ÿ‡น๐Ÿ‡ท Adiyaman
25%
ADG ๐Ÿ‡บ๐Ÿ‡ธ Adrian
25%
ADH ๐Ÿ‡ท๐Ÿ‡บ Aldan
25%
ADY ๐Ÿ‡ฟ๐Ÿ‡ฆ Alldays
25%
ADP ๐Ÿ‡ฑ๐Ÿ‡ฐ Ampara
25%
ADC ๐Ÿ‡ต๐Ÿ‡ฌ Andakombe
25%
ADO ๐Ÿ‡ฆ๐Ÿ‡บ Andamooka
25%
ADN ๐Ÿ‡จ๐Ÿ‡ด Andes
25%
ADR ๐Ÿ‡บ๐Ÿ‡ธ Andrews
25%
ADI ๐Ÿ‡ณ๐Ÿ‡ฆ Arandis
25%
ADU ๐Ÿ‡ฎ๐Ÿ‡ท Ardabil
25%
ADW ๐Ÿ‡บ๐Ÿ‡ธ Camp Springs
25%
ADV ๐Ÿ‡ธ๐Ÿ‡ฉ Ed Daein
25%
ADQ ๐Ÿ‡บ๐Ÿ‡ธ Kodiak
25%
ADZ ๐Ÿ‡จ๐Ÿ‡ด San Andres
25%
ADW ๐Ÿด๓ ง๓ ข๓ ณ๓ ฃ๓ ด๓ ฟ St. Andrews
25%
No matching quizzes found
Score Distribution
Percent of People with Each Score
Percentile by Number Answered
Your Score History
You have not taken this quiz